00538 2200193 4500245008900000020002200089250001100111100001900122700001800141700001500159650002400174650001000198005001900208260006500227041001400292084001100306300001800317336000900335 aMENGENAL TUNJUK AJAR MELAYU dalam Pantun, Gurindam, dan SyaircMarhalim ZainihText a978-602-437-451-8 aCet. 1 aMarhalim Zaini aKity Karenisa aDonny Adam aKesusastraan Melayu aEbook a20241105095824 aJakarta TimurbBadan Pengembangan dan Pembinaan Bahasac2018 aIndonesia a899.31 avi :c47 hlm. atext